Statistics for All Australian Cities Over 100,000 Population

Click here to take the quiz!

General Stats

  • This quiz has been taken 44 times
  • The average score is 14 of 20

Answer Stats

PopulationTown/City% Correct
1.30MAdelaide
100%
5.09MMelbourne
100%
1.98MPerth
100%
5.36MSydney
100%
2.28MBrisbane
97%
395,790Canberra
94%
132,045Darwin
91%
540,559Gold Coast
88%
206,097Hobart
88%
150,041Cairns
85%
322,278New Castle
73%
178,860Townsville
64%
295,669Wollongong
61%
100,617Bendigo
52%
253,269Geelong
52%
101,588Ballarat
45%
134,037Toowoomba
45%
106,153Launceston
39%
282,673Logan City
6%
108,022Rockingham
3%

Score Distribution

Percentile by Number Answered

Percent of People with Each Score

Your Score History

You have not taken this quiz